Nazwij pasujące państwo #10 - Statystyki

Ogólne statystyki
  • Ten quiz został rozwiązany 6 577 razy
  • Średni wynik to 12 z 16
Statystyki odpowiedzi
Nazwij państwo... # Państwo % Poprawnych
którego flaga jest czerwono-biało-zielona: 11 Algieria | Białoruś | Bułgaria | Burundi | Iran | Liban | Madagaskar | Malediwy | Oman | Węgry | Włochy
92%
które ma status kandydata do UE: 8 Albania | Czarnogóra | Gruzja | Macedonia Północna | Mołdawia | Serbia | Turcja | Ukraina
91%
gdzie pingwiny żyją na wolności:
*nie licząc terytoriów zależnych
12 Angola | Argentyna | Australia | Brazylia | Chile | Ekwador | Mozambik | Namibia | Nowa Zelandia | Peru | Republika Południowej Afryki | Urugwaj
89%
którego nazwa zawiera "dż": 5 Azerbejdżan | Dżibuti | Fidżi | Kambodża | Tadżykistan
88%
które leży w Ameryce i jego językiem urzędowym nie jest ani angielski ani hiszpański: 3 Brazylia | Haiti | Surinam
85%
w którym żyje co najmniej 99 milionów chrześcijan i nie jest to USA: 6 Brazylia | Meksyk | Nigeria | Demokratyczna Republika Konga | Etiopia | Filipiny
85%
które jest państwem wyspiarskim i zaczyna się na "P": 2 Palau | Papua-Nowa Gwinea
84%
gdzie Coca-Cola nie jest oficjalnie sprzedawana: 3 Korea Północna | Kuba | Rosja
83%
którego flaga ma kształt kwadratu: 2 Szwajcaria | Watykan
80%
gdzie chiński jest językiem urzędowym i nie są to Chiny: 2 Singapur | Tajwan
77%
którego nazwa różni się tylko jedną literą od nazwy innego państwa: 6 Islandia | Irlandia | Iran | Irak | Gambia | Zambia
76%
którego aktualna flaga została przyjęta po 2007: 10 Syria | Kirgistan | Afganistan | Mauretania | Malawi | Sudan Południowy | Libia | Mjanma | Kosowo | Irak
76%
którego głową państwa jest emir: 3 Katar | Kuwejt | Zjednoczone Emiraty Arabskie
74%
którego stolica leży poniżej poziomu morza: 2 Azerbejdżan | Holandia
53%
gdzie orangutany żyją na wolności: 2 Indonezja | Malezja
47%
którego Wyłączna Strefa Ekonomiczna jest ponad 1000 razy większa niż jego powierzchnia lądowa: 8 Kiribati | Mikronezja | Wyspy Marshalla | Seszele | Malediwy | Tuvalu | Palau | Nauru
37%
Nie znaleziono quizów pasujących do podanych kryteriów
Rozkład punktacji
Procent ludzi z każdym wynikiem
Percentyl według liczby udzielonych odpowiedzi
Twoja historia wyników
Nie rozwiązałeś tego quizu